01684nab a22002537a 4500999001500000003000400015005001700019008004100036040000700077100002700084245016800111260007300279300001500352500003600367505039800403505023000801505008101031650002301112650005801135650003101193650003801224773015501262942001301417 c6519d6519OSt20260219103207.0190429b xxu||||| |||| 00| 0 spa d cPJ 97123aFerraresi, Laura10aPrisión domiciliaria e interés superior del niño : b¿es posible un análisis razonable y equilibrado para su concesión o su rechazo? /cLaura Ferraresi. cCiudad Autónoma de Buenos Aires :aThomson Reuters La Ley, b2024. ap. 231-240 aCita: TR LALEY AR/DOC/1410/2024 aSumario: I. Introducción.— II. Brevísimas referencias sobre el caso. Decisión de la mayoría. El voto disidente.— III. Las normas en juego: art. 10 del Cód. Penal y art. 32 de la ley 24.660. Alcances.— IV. Significado simbólico de la condena impuesta. Su análisis como nueva variable para la concesión o el rechazo de la prisión domiciliaria.— V. Algunas conclusiones. aFallo comentado: CContenciosoadministrativo, Trib. y Relaciones de Consumo, Ciudad Autónoma de Buenos Aires, sala I ~ 28/04/2023 ~ Observatorio de Derecho Informático Argentino O.D.I.A. y otros c. GCBA s/ Amparo - Otros. tSi te interesa el texto completo, solicitalo a koha@justierradelfuego.gov.ar 09343aDERECHO PENAL 092741aDERECHOS DE LAS NIÑAS, NIÑOS Y ADOLESCENTES 094065aPRISION DOMICILIARIA 094097aINTERES SUPERIOR DEL NIÑO0 0265893164tRevista de derecho penal y criminología. Nº 7 - Julio 2024dCiudad Autónoma de Buenos Aires : Thomson Reuters La Ley, 2017-x00347914 2udccANA